000 01526nam a22003614a 4500
001 ebr10048288
003 CaPaEBR
006 m u
007 cr cn|||||||||
008 020424s2002 maua sb 001 0 eng
010 _z 2002069404
020 _z1402071167 (alk. paper)
040 _aCaPaEBR
_cCaPaEBR
035 _a(OCoLC)52800586
050 1 4 _aTK5105.78
_b.W57 2002eb
082 0 4 _a004.6/8
_221
245 0 0 _aWireless OFDM systems
_h[electronic resource] :
_bhow to make them work? /
_cedited by Marc Engels.
246 3 _aWireless orthogonal frequency division multiplexing systems
260 _aBoston :
_bKluwer Academic Publishers,
_cc2002.
300 _axxiii, 205 p. :
_bill.
490 1 _aThe Kluwer international series in engineering and computer science ;
_vSECS 692
504 _aIncludes bibliographical references and index.
533 _aElectronic reproduction.
_bPalo Alto, Calif. :
_cebrary,
_d2013.
_nAvailable via World Wide Web.
_nAccess may be limited to ebrary affiliated libraries.
650 0 _aWireless LANs.
650 0 _aWireless communication systems.
650 0 _aWavelength division multiplexing.
650 0 _aOrthogonalization methods.
655 7 _aElectronic books.
_2local
700 1 _aEngels, Marc.
710 2 _aebrary, Inc.
830 0 _aKluwer international series in engineering and computer science ;
_vSECS 692.
856 4 0 _uhttp://site.ebrary.com/lib/rucke/Doc?id=10048288
_zAn electronic book accessible through the World Wide Web; click to view
999 _c77121
_d77121